|
|
|
|
| LEADER |
00984cam a2200277 7i4500 |
| 001 |
0000036361 |
| 005 |
20200601090000.0 |
| 007 |
##ta |
| 008 |
200601s2019 my eng |
| 020 |
# |
# |
|a 978928705057
|
| 040 |
# |
# |
|a MATR
|
| 090 |
0 |
0 |
|a I 338.7
|b MAK
|
| 245 |
0 |
0 |
|a Making Globalization More Inclusive :
|b Lessons from experience with adjustment policies /
|c edited byMarc Bacchetta, Emmanuel Milet and Jose-Antonio Monteiro.
|
| 264 |
# |
4 |
|a ♭.
|
| 264 |
# |
1 |
|a Geneva, Switzerland:
|b World Trade Organization (WTO),
|c 2019.
|
| 300 |
# |
# |
|a xi, 215 pages:
|b illustrations;
|c 30 cm.
|
| 336 |
# |
# |
|a text
|2 rdacontent
|
| 337 |
# |
# |
|a unmediated
|2 rdamedia
|
| 338 |
# |
# |
|a volume
|2 rdacarrier
|
| 504 |
# |
# |
|a Includes bibliographical references and index
|
| 650 |
# |
0 |
|a Globalization --
|x Economic aspects
|
| 650 |
# |
0 |
|a International trade
|
| 700 |
1 |
# |
|a Milet, Emmanuel
|
| 700 |
1 |
# |
|a Bacchetta, Marc
|
| 700 |
1 |
# |
|a Monteiro, Jose-Antonio
|
| 999 |
|
|
|a 0000040974
|b Book
|c International
|e Business Information Centre
|